00439nam a2200145Ia 4500008004100000020001800041041000800059082001800067100001400085245012900099260002700228300000800255365001600263700001400279230718s9999 xx 000 0 und d a9789350235522 aeng a005.3684bODN aOdnoha A. aExcel 2010 Financial CookbookbPowerful Techniques For Financial Organization, Analysis, And Presentation In Microsoft Excel c2011bPackt Publishing a244 cRs.b350.00 aOdnoha A.